000 004750000a22001930004500
001 003899
003 MACL
005 20150930151242.0
008 150930b xxu||||| |||| 00| 0 eng d
040 _aMACL
_cMACL
041 _aEnglish
082 _a891.43
100 _aSymposium, A
_91103
245 _aContemporary Indian Literature
_cA Symposium
260 _aNew Delhi
_c1997
_bSahitya Akademi,
350 _a100
650 _aLiterature
_912927
942 _k891
_cBK
_2ddc
999 _c15792
_d15792